000 00569nam a2200229Ia 4500
005 20250425161509.0
008 250425s9999 xx 000 0 und d
020 _a070570159
041 _aeng
082 _a620.0045
100 _aSHOOMAN, MARTIN L
245 0 _aPROBABILISTIC RELIABILITY; AN ENGINEERING APPROACH
250 _aS.E.
260 _aEstados Unidos
_bMCGH
_c1968
260 _aNEW YORK
300 _a524
650 _aCALIDAD
650 _aCOMPONENTES ELECTRONICOS
650 _aCONFIABILIDAD (INGENIERIA)
942 _c01
010 _a21590
999 _c210409
_d210409